<?xml version="1.0" encoding="UTF-8"?>
<record
    xmlns:xsi="http://www.w3.org/2001/XMLSchema-instance"
    xsi:schemaLocation="http://www.loc.gov/MARC21/slim http://www.loc.gov/standards/marcxml/schema/MARC21slim.xsd"
    xmlns="http://www.loc.gov/MARC21/slim">

  <leader>01335nam a2200265 i 4500</leader>
  <controlfield tag="001">116780</controlfield>
  <controlfield tag="003">ES-MaACL</controlfield>
  <controlfield tag="005">20250402170213.0</controlfield>
  <controlfield tag="008">061121s1951    sp           |||| | spa d</controlfield>
  <datafield tag="100" ind1="1" ind2=" ">
    <subfield code="a">Ovejero Bustamante, Andr&#xE9;s,</subfield>
    <subfield code="d">1871-1954</subfield>
    <subfield code="9">87998</subfield>
  </datafield>
  <datafield tag="245" ind1="1" ind2="0">
    <subfield code="a">Isabel I y la pol&#xED;tica africanista espa&#xF1;ola </subfield>
    <subfield code="b">: (estudio de la Reina Cat&#xF3;lica en el marco de la tradici&#xF3;n espa&#xF1;ola de &#xC1;frica) / </subfield>
    <subfield code="c">Andr&#xE9;s Ovejero Bustamante.</subfield>
  </datafield>
  <datafield tag="260" ind1=" " ind2=" ">
    <subfield code="a">Madrid : </subfield>
    <subfield code="b">Instituto de Estudios Africanos, </subfield>
    <subfield code="c">1951.</subfield>
  </datafield>
  <datafield tag="300" ind1=" " ind2=" ">
    <subfield code="a">279 p. ; </subfield>
    <subfield code="c">24 cm.</subfield>
  </datafield>
  <datafield tag="510" ind1=" " ind2=" ">
    <subfield code="a">CCPB,</subfield>
    <subfield code="c">000239327-1</subfield>
  </datafield>
  <datafield tag="594" ind1=" " ind2=" ">
    <subfield code="a">Precede al t&#xED;t.: Consejo Superior de Investigaciones Cient&#xED;ficas.</subfield>
  </datafield>
  <datafield tag="600" ind1="0" ind2="4">
    <subfield code="a">Isabel </subfield>
    <subfield code="b">I, </subfield>
    <subfield code="c">Reina de Castilla.</subfield>
    <subfield code="9">175419</subfield>
  </datafield>
  <datafield tag="651" ind1=" " ind2="4">
    <subfield code="a">Espa&#xF1;a-</subfield>
    <subfield code="x">Relaciones-</subfield>
    <subfield code="z">&#xC1;frica.</subfield>
    <subfield code="9">157092</subfield>
  </datafield>
  <datafield tag="651" ind1=" " ind2="4">
    <subfield code="a">&#xC1;frica-</subfield>
    <subfield code="x">Relaciones-</subfield>
    <subfield code="z">Espa&#xF1;a.</subfield>
    <subfield code="9">161600</subfield>
  </datafield>
  <datafield tag="710" ind1="2" ind2=" ">
    <subfield code="a">Instituto de Estudios Africanos.</subfield>
    <subfield code="9">4881</subfield>
  </datafield>
  <datafield tag="852" ind1=" " ind2=" ">
    <subfield code="a">ES-MaACL</subfield>
    <subfield code="j">D-6519</subfield>
    <subfield code="9">121146</subfield>
    <subfield code="b">R.31908</subfield>
    <subfield code="b">R.M.6110</subfield>
    <subfield code="c">SVI</subfield>
    <subfield code="f">Sello en tinta azul de la Biblioteca del Ateneo de Madrid</subfield>
    <subfield code="g">Anotaci&#xF3;n manuscrita en cubierta: "49"</subfield>
    <subfield code="h">Sello en tinta: "Donativo"</subfield>
    <subfield code="z">En cubierta: "2.ABR.1952"</subfield>
    <subfield code="z">En cubierta: "PRECIO DEL EJEMPLAR PTAS."</subfield>
  </datafield>
  <datafield tag="942" ind1=" " ind2=" ">
    <subfield code="2">udc</subfield>
    <subfield code="c">MONOGRAFIA</subfield>
  </datafield>
  <datafield tag="999" ind1=" " ind2=" ">
    <subfield code="c">116780</subfield>
    <subfield code="d">116780</subfield>
  </datafield>
  <datafield tag="952" ind1=" " ind2=" ">
    <subfield code="0">0</subfield>
    <subfield code="1">0</subfield>
    <subfield code="2">udc</subfield>
    <subfield code="4">0</subfield>
    <subfield code="7">0</subfield>
    <subfield code="a">ATENEOM</subfield>
    <subfield code="b">ATENEOM</subfield>
    <subfield code="c">SVI</subfield>
    <subfield code="d">2008-01-17</subfield>
    <subfield code="e">DONACION</subfield>
    <subfield code="l">0</subfield>
    <subfield code="o">D-6519</subfield>
    <subfield code="p">901121767</subfield>
    <subfield code="r">2023-02-23 00:00:00</subfield>
    <subfield code="w">2023-02-23</subfield>
    <subfield code="y">MONOGRAFIA</subfield>
  </datafield>
</record>
